Top 50 Countries by Homelessness - Statistics

General Stats
  • This quiz has been taken 114 times
  • The average score is 20 of 50
Answer Stats
# Starts
With
Answer Homeless
Population
% Correct
1 P Pakistan 8,000,000
89%
2 B Bangladesh 5,000,000
87%
6 Y Yemen 3,858,000
83%
15 Z Zimbabwe 1,200,000
78%
4 N Nigeria 4,500,000
76%
3 A Afghanistan 4,660,000
75%
11 I India 1,770,000
75%
5 P Philippines 4,500,000
64%
9 C China 2,579,000
61%
8 S Sudan 2,730,000
61%
7 S Somalia 2,968,000
60%
13 D Democratic Republic of the Congo 1,500,000
59%
14 I Iraq 1,224,000
59%
10 E Egypt 2,000,000
57%
23 U United States 653,104
54%
12 S South Sudan 1,542,000
49%
27 U United Kingdom 380,000
49%
16 C Cameroon 1,033,000
46%
19 U Ukraine 734,240
46%
30 F France 330,000
45%
25 U Uganda 500,000
45%
37 V Vietnam 162,000
45%
24 E Ethiopia 600,000
41%
38 H Honduras 150,000
41%
17 M Mozambique 769,000
41%
20 P Peru 700,000
39%
32 B Brazil 281,000
30%
33 L Libya 278,000
30%
39 A Australia 122,494
29%
18 A Azerbaijan 735,000
29%
26 G Guatemala 475,000
28%
48 H Haiti 37,867
28%
35 C Canada 235,000
27%
28 C Chad 342,680
27%
40 I Indonesia 122,000
27%
29 M Mali 332,700
27%
34 G Germany 262,600
24%
21 B Burkina Faso 700,000
23%
22 C Central African Republic 686,200
23%
43 I Italy 96,197
23%
44 T Turkey 70,000
19%
31 G Georgia 304,010
16%
45 M Mexico 40,911
14%
36 S South Africa 200,000
13%
42 G Ghana 100,000
12%
47 G Greece 40,000
11%
41 N New Zealand 102,123
11%
46 S Syria 40,500
8%
50 N Netherlands 32,000
7%
49 S Sweden 33,269
7%
No matching quizzes found
Score Distribution
Percent of People with Each Score
Percentile by Number Answered
Your Score History
You have not taken this quiz